Standard specifications for highway bridges, (Record no. 547208)
[ view plain ]
| 000 -LEADER | |
|---|---|
| fixed length control field | 00696nam a2200181 4500 |
| 082 ## - DEWEY DECIMAL CLASSIFICATION NUMBER | |
| Classification number | 624.20212 |
| Author Mark | STA |
| 110 2# - MAIN ENTRY--CORPORATE NAME | |
| Corporate name or jurisdiction name as entry element | American Association of State Highway Officials. |
| 9 (RLIN) | 19665 |
| 245 10 - TITLE STATEMENT | |
| Title | Standard specifications for highway bridges, |
| Statement of responsibility, etc. | adopted by the American association of state highway officials. |
| 250 ## - EDITION STATEMENT | |
| Edition statement | 6th ed. |
| 260 ## - PUBLICATION, DISTRIBUTION, ETC. | |
| Place of publication, distribution, etc. | Washington, D.C., |
| Name of publisher, distributor, etc. | The Association, |
| Date of publication, distribution, etc. | 1996. |
| 300 ## - PHYSICAL DESCRIPTION | |
| Extent | xx, 262, [5] p. incl. tables, diagrs. |
| Dimensions | 24 cm. |
| 500 ## - GENERAL NOTE | |
| General note | "Contains all revisions adopted up to January 1, 1944."--Introd. |
| 500 ## - GENERAL NOTE | |
| General note | On spine: Specifications for highway bridges. |
| 526 ## - STUDY PROGRAM INFORMATION NOTE | |
| Program name | 0 |
| Interest level | 0 |
| Reading level | 0 |
| Title point value | 624_202120000000000_STA |
| 650 #0 - SUBJECT ADDED ENTRY--TOPICAL TERM | |
| Topical term or geographic name entry element | Bridges |
| 650 #0 - SUBJECT ADDED ENTRY--TOPICAL TERM | |
| Topical term or geographic name entry element | MCE |
| 9 (RLIN) | 379 |
| 942 ## - ADDED ENTRY ELEMENTS (KOHA) | |
| Source of classification or shelving scheme | |
| Koha item type | Book |
| Withdrawn status | Lost status | Source of classification or shelving scheme | Damaged status | Not for loan | Permanent Location | Current Location | Date acquired | Total Checkouts | Full call number | Barcode | Date last seen | Price effective from | Koha item type |
|---|---|---|---|---|---|---|---|---|---|---|---|---|---|
| Military College of Engineering (MCE) | Military College of Engineering (MCE) | 07/04/2014 | 624.20212 STA | MCE-43394 | 07/04/2014 | 07/04/2014 | Book |
